000 00463nam a2200145 4500
001 127865
003 ES-MaACL
007 t|
008 070214s1956 sp r ||||1| spa d
100 1 _aRivera Bandrés, Julio.
_997635
245 1 0 _aBases fisiológicas e indicaciones de las transfusiones de sangre y de plasma /
_cJulio Rivera Bandrés.
260 _aMadrid :
_bMarbán,
_c1956.
300 _a436 p., 1 lám. ;
_c25 cm.
852 _aES-MaACL
_jC-9867
_bR.38460
999 _c127865
_d127865